书目信息 |
| 题名: |
物理学(第六版)习题分析与解答
|
|
| 作者: | 马文蔚 主编 ;殷实 , 沈才康 , 包刚 编 | |
| 分册: | ||
| 出版信息: | 北京 高等教育出版社 2015 |
|
| 页数: | 367页 | |
| 开本: | 23cm | |
| 丛书名: | 面向21世纪课程教材学习辅导书 | |
| 单 册: | ||
| 中图分类: | O4-44 | |
| 科图分类: | ||
| 主题词: | 物理学--wu li xue--高等学校--解题 | |
| 电子资源: | ||
| ISBN: | 978-7-04-042333-4 | |
| 000 | 01552nam 2200361 45 | |
| 001 | 012001002029 | |
| 005 | 20131109153352.0 | |
| 010 | @a978-7-04-042333-4@dCNY42.90 | |
| 099 | @aCAL 012015069344 | |
| 100 | @a20150508d2015 em y0chiy50 ea | |
| 101 | 0 | @achi |
| 102 | @aCN@b110000 | |
| 105 | @aa z 000yy | |
| 106 | @ar | |
| 200 | 1 | @a物理学(第六版)习题分析与解答@AWu Li Xue ( Di Liu Ban ) Xi Ti Fen Xi Yu Jie Da@f马文蔚主编@g殷实, 沈才康, 包刚编 |
| 210 | @a北京@c高等教育出版社@d2015 | |
| 215 | @a367页@c图@d23cm | |
| 225 | 2 | @a面向21世纪课程教材学习辅导书@Amian xiang 21 shi ji ke cheng jiao cai xue xi fu dao shu |
| 300 | @a“十二五”普通高等教育本科国家级规划教材配套辅导书 | |
| 311 | @a本书为马文蔚等改编《物理学》(第六版)编写的习题分析与解答 | |
| 330 | @a本书贯彻重分析、简解答的指导思想,力求通过对题目的分析,使学生在解题之前,对相关的物理规律有进一步的认知;通过解题方法和技巧的介绍和运用,拓宽学生的解题思路;通过讨论计算结果来进一步明确物理意义。 | |
| 333 | @a可供其他高等学校理工科各专业师生和社会读者选择使用。 | |
| 410 | 0 | @12001@a面向21世纪课程教材学习辅导书 |
| 488 | 0 | @12001@a物理学@1205@a第6版@1210@a北京@c高等教育出版社@d2014@1701 0@a马文尉 |
| 517 | 1 | @a物理学习题分析与解答@AWu Li Xue Xi Ti Fen Xi Yu Jie Da |
| 606 | 0 | @a物理学@Awu li xue@x高等学校@j解题 |
| 690 | @aO4-44@v5 | |
| 701 | 0 | @a马文蔚@Ama wen wei@4主编 |
| 702 | 0 | @a殷实@Ayin shi@4编 |
| 702 | 0 | @a沈才康@Ashen cai kang@4编 |
| 702 | 0 | @a包刚@Abao gang@4编 |
| 801 | 0 | @aCN@b北京卓展@c20191020 |
| 905 | @b1199460-3@dO4-44@e1031@f4 | |
| 物理学(第六版)习题分析与解答/马文蔚主编/殷实, 沈才康, 包刚编.-北京:高等教育出版社,2015 |
| 367页:图;23cm.-(面向21世纪课程教材学习辅导书) |
| “十二五”普通高等教育本科国家级规划教材配套辅导书.-使用对象:可供其他高等学校理工科各专业师生和社会读者选择使用。 |
| ISBN 978-7-04-042333-4:CNY42.90 |
| 本书贯彻重分析、简解答的指导思想,力求通过对题目的分析,使学生在解题之前,对相关的物理规律有进一步的认知;通过解题方法和技巧的介绍和运用,拓宽学生的解题思路;通过讨论计算结果来进一步明确物理意义。 |
| ● |
| 相关链接 |
|
|
|
|
正题名:物理学(第六版)习题分析与解答
索取号:O4-44/1031
 
预约/预借
| 序号 | 登录号 | 条形码 | 馆藏地/架位号 | 状态 | 备注 |
| 1 | 1199460 | 211994608 | 第二样本阅览室/ [索取号:O4-44/1031] | 在馆 | |
| 2 | 1199461 | 211994617 | 第三借阅区/ [索取号:O4-44/1031] | 在馆 | |
| 3 | 1199462 | 211994626 | 第三借阅区/ [索取号:O4-44/1031] | 在馆 | |
| 4 | 1199463 | 211994635 | 第三借阅区/ [索取号:O4-44/1031] | 在馆 |